00438cam a2200181 a 4500001000800000005001700008008004100025010001700066020001500083040001800098041000800116080001900124082002300143100000700166101000800173245004500181504003000226475246620180206032033.0860102s1986 nyu be 000 0 eng  a 85031212  a0816014248 aDLCcDLCdDLC aeng a305.420321 TUT00a305.420321 TUT2191 a50 aSOC10aEncyclopedia of feminism /cLisa Tuttle. aBibliography: p. 379-399.